Guide du touriste en Espagne et en Portugal, ou itinéaraire à travers ces pays, au point de vue artistique, monumental et pittoresque (Record no. 154895)

MARC details
000 -LEADER
campo de control de longitud fija 00731nam a22001695i 4500
001 - NÚMERO DE CONTROL
campo de control 154895
003 - IDENTIFICADOR DE NÚMERO DE CONTROL
campo de control ES-MaACL
005 - FECHA Y HORA DE LA ÚLTIMA TRANSACCIÓN
campo de control 20230906205907.0
008 - DATOS DE LONGITUD FIJA--INFORMACIÓN GENERAL
campo de control de longitud fija 991103s1879 sp |||| | fre d
040 ## - FUENTE DE CATALOGACIÓN
Centro catalogador/agencia de origen CCPB | B
Lengua de catalogación spa
Centro/agencia transcriptor CCPB | B
245 00 - MENCIÓN DEL TÍTULO
Título Guide du touriste en Espagne et en Portugal, ou itinéaraire à travers ces pays, au point de vue artistique, monumental et pittoresque
Resto del título : catalogue.
260 ## - PUBLICACIÓN, DISTRIBUCIÓN, ETC.
Lugar de publicación, distribución, etc. Madrid ;
-- Paris ;
-- Stuttgart :
Nombre del editor, distribuidor, etc. J. Laurent et C\pie\s,
Fecha de publicación, distribución, etc. 1879.
300 ## - DESCRIPCIÓN FÍSICA
Extensión XIX, 268 p. ;
Dimensiones 20 cm.
651 #4 - PUNTO DE ACCESO ADICIONAL DE MATERIA--NOMBRE GEOGRÁFICO
Nombre geográfico España-
Subdivisión general Descripción-
Subdivisión cronológica S.XIX.
9 (RLIN) 8185
651 #4 - PUNTO DE ACCESO ADICIONAL DE MATERIA--NOMBRE GEOGRÁFICO
Nombre geográfico Portugal-
Subdivisión general Descripción-
Subdivisión cronológica S.XIX.
9 (RLIN) 9252
852 ## - LOCALIZACIÓN
Ubicación ES-MaACL
Número de control de estantería C-290(2)
Nota libre -- Enc. tela roja con estampaciones, orla con hierros negros y cortes rojos
Holdings
Estatus retirado Estado de pérdida Estado de daño No para préstamo Colección Biblioteca de origen Biblioteca actual Ubicación en estantería Fecha de adquisición Fuente de adquisición Total de préstamos Signatura topográfica completa Código de barras Visto por última vez Precio de reemplazo Tipo de ítem Koha
        Libros del s. XIX Biblioteca del Ateneo de Madrid Biblioteca del Ateneo de Madrid Sala Palomar 17/01/2008     C-290(2) 1162026 23/02/2023 23/02/2023 Libro impreso antiguo